Top 40 FIFA ranked women's national football teams - Statistics

General Stats
  • This quiz has been taken 196 times
  • The average score is 31 of 40
Answer Stats
Answer % Correct
2 Spain
99%
1 USA
99%
3 Germany
98%
6 Sweden
98%
4 England
97%
8 Brazil
95%
16 Australia
94%
11 France
94%
15 Norway
94%
7 Canada
91%
5 Japan
91%
22 Portugal
91%
10 Netherlands
89%
14 Italy
88%
17 China
85%
26 Ireland
83%
29 Mexico
83%
23 Switzerland
82%
20 Belgium
81%
28 Poland
81%
12 Denmark
79%
33 Argentina
78%
25 Finland
78%
19 South Korea
78%
18 Austria
77%
27 Russia
77%
32 New Zealand
76%
24 Scotland
72%
21 Colombia
70%
31 Wales
68%
13 Iceland
66%
36 Nigeria
61%
39 Chile
59%
34 Ukraine
58%
9 North Korea
54%
30 Czechia
47%
35 Serbia
46%
38 Slovenia
43%
40 Jamaica
32%
37 Vietnam
24%
No matching quizzes found
Score Distribution
Percent of People with Each Score
Percentile by Number Answered
Your Score History
You have not taken this quiz